000 00346 a2200109 4500
001 ART_50707
005 20260410161758.0
008 260409a
245 1 0 _aInterpretación crítica del artículo 12 in fine de la ley del IVA
100 1 _aSequeira, Marcos A.
773 0 _tDoctrina tributaria
_g- N°480 (mar. 2020)
_wREV4296
999 _c20285
_d20285